000 00509nam a2200169Ia 4500
008 090711s9999 xx 000 0 und d
082 _b441
100 _aपाटील शालिनी
245 _aखलनायक
260 _bसानिया पब्लि. बेळगांव
_c1997
300 _a128
600 _aपाटील शालिनी
630 _aखलनायक
700 _aपाटील शालिनी
730 _aखलनायक
942 _cBOOK
999 _c323963
_d323963